[Event "9th Parsvnath Open"]
[Site "New Delhi IND"]
[Date "2011.01.11"]
[Round "6"]
[White "Postny,E"]
[Black "Narayanan,Sri"]
[Result "1-0"]
[WhiteElo "2592"]
[BlackElo "2314"]

1.d4 Nf6 2.c4 e6 3.Nf3 b6 4.g3 Ba6 5.Qa4 Be7 6.Bg2 O-O 7.Nc3 c6 8.Ne5 Qe8
9.b4 b5 10.cxb5 cxb5 11.Qb3 d5 12.Nd3 Bb7 13.O-O a5 14.bxa5 Rxa5 15.Bd2 Bc6
16.Rfc1 Nfd7 17.Nb4 Ba8 18.Nc2 b4 19.Nxb4 Nb6 20.a4 Nc4 21.Be1 Nc6 22.Nb5 Rxb5
23.axb5 Nxd4 24.Qd1 Qxb5 25.Qxd4 Bxb4 26.Bxb4 Qxb4 27.Rxc4 dxc4 28.Bxa8 Qb3
29.Be4 f5 30.Ra7 Rf7 31.Qd8+ Rf8 32.Qd7  1-0

[Event "B2 Masters"]
[Site "Marianske Lazne CZE"]
[Date "2011.01.18"]
[Round "4"]
[White "Donchenko,Alexa"]
[Black "Vlasak,Lu"]
[Result "1/2-1/2"]
[WhiteElo "2217"]
[BlackElo "2238"]

1.d4 Nf6 2.Nf3 e6 3.c4 b6 4.g3 Ba6 5.Qc2 c6 6.Bg2 d5 7.b3 Be7 8.O-O O-O 9.Bf4 Nbd7
10.Nbd2 Nh5 11.Be3 Rc8 12.Rac1 f5 13.Nb1 Qe8 14.Bg5 Bd6 15.e3 Nhf6 16.Bf4 Ne4
17.Rfd1 Be7 18.Ne5 Nxe5 19.Bxe5 Nd6 20.Bf1 Nf7  1/2-1/2

[Event "3rd Chennai Open"]
[Site "Chennai IND"]
[Date "2011.01.19"]
[Round "3"]
[White "Manigandan,S"]
[Black "Oleksienko,M"]
[Result "0-1"]
[WhiteElo "2080"]
[BlackElo "2552"]

1.d4 Nf6 2.c4 e6 3.Nf3 b6 4.g3 Ba6 5.Qa4 c6 6.Nc3 Be7 7.Bg2 O-O 8.Ne5 Qc8
9.O-O d5 10.Bg5 h6 11.Bf4 b5 12.cxb5 cxb5 13.Nxb5 Qe8 14.Nc3 Qxa4 15.Nxa4 Bxe2
16.Rfc1 Bb5 17.Nc5 a5 18.Bh3 g5 19.Be3 Na6 20.Nxa6 Rxa6 21.Bf1 Bxf1 22.Kxf1 Bd6
23.h4 gxh4 24.gxh4 Kh7 25.Ke2 Nh5 26.Kf3 f6 27.Nd7 Re8 28.Kg4 Kg6 29.Kf3 Ng7
30.h5+ Kf7 31.Rg1 Ra7 32.Nb6 Nf5 33.Rg4 Rb7 34.Na4 Rg8 35.Rxg8 Kxg8 36.b3 Rc7
37.Rb1 Kf7 38.Ke2 Rc2+ 39.Kd3 Nxe3 40.Kxe3 Rxa2 41.Nb2 e5 42.f4 e4 43.f5 Bb4
44.Nc4 Rh2 45.Rb2 Rh3+ 46.Kf4 dxc4 47.bxc4 e3 48.c5 Ke7 49.Rg2 Kd7  0-1

[Event "Belgrade Individual 2011"]
[Site "Belgrade SRB"]
[Date "2011.01.29"]
[Round "8.18"]
[White "Todorovic,Zoran D"]
[Black "Stamenkovic,A"]
[Result "0-1"]
[WhiteElo "2006"]
[BlackElo "2307"]

1.d4 Nf6 2.c4 e6 3.Nf3 b6 4.g3 Ba6 5.Qc2 c5 6.Bg2 Bb7 7.O-O cxd4 8.Nxd4 Bxg2
9.Kxg2 Qc7 10.f3 a6 11.e4 Be7 12.Be3 O-O 13.b3 Rc8 14.Qf2 d6 15.Nd2 Nbd7
16.Rfd1 Qb7 17.Qe2 d5 18.exd5 exd5 19.Nf5 Bf8 20.Bd4 Re8 21.Qd3 b5 22.Re1 Re6
23.Bxf6 Nxf6 24.cxd5 Rd8 25.Ne3 Nxd5 26.Nxd5 Rxd5 27.Qc2 Rc6 28.Qb2 Qd7 29.Re2 Bb4
30.Nb1 Bc5 31.Na3 h6 32.Rae1 Bb4 33.Re8+ Kh7 34.R1e2 Rd1 35.R8e4 Bc5 36.g4 Rg1+
37.Kh3 Qd3 38.Rf4 Bxa3  0-1

[Event "33rd Bulgarian Open"]
[Site "Plovdiv BUL"]
[Date "2011.02.04"]
[Round "7.20"]
[White "Stamenkov,V"]
[Black "Andreev,Sa"]
[Result "1/2-1/2"]
[WhiteElo "2346"]
[BlackElo "2228"]

1.d4 Nf6 2.Nf3 e6 3.c4 b6 4.g3 Ba6 5.b3 b5 6.cxb5 Bxb5 7.Bg2 Bc6 8.O-O a5
9.Nc3 Bb4 10.Qc2 Qc8 11.a3 Bxc3 12.Qxc3 Qb7 13.Rb1 O-O 14.Bg5 Ne4 15.Qc2 f5
16.Bf4 Nf6 17.Ne1 Bxg2 18.Nxg2 Nd5 19.Bd2 Nc6 20.e3 Qb5 21.Ne1 Qe2 22.Qd3 Qh5
23.f3 Rab8 24.Ng2 Qe8 25.e4 fxe4 26.fxe4 Rxf1+ 27.Rxf1 Nf6 28.Bg5 Ng4 29.h3 Qh5
30.Bh4 Nh6 31.d5 exd5 32.exd5 Ne5 33.Qc3 Qe8 34.g4 Nhf7 35.Bg3 Rb5 36.Ne3 g6
37.a4 Rb7 38.Nc4 Nxc4 39.bxc4 d6 40.Qf6 Rb3 41.Kh2 Re3 42.Rf2 Re2 43.c5 Rxf2+
44.Bxf2 dxc5 45.Bxc5 Qxa4  1/2-1/2

[Event "TCh-CAT Div Hon"]
[Site "Barcelona ESP"]
[Date "2011.02.05"]
[Round "2"]
[White "Lafuente,P"]
[Black "Carlsson,P"]
[Result "1/2-1/2"]
[WhiteElo "2561"]
[BlackElo "2496"]

1.d4 Nf6 2.c4 e6 3.Nf3 b6 4.g3 Ba6 5.b3 Bb4+ 6.Bd2 Be7 7.Nc3 O-O 8.e4 d5
9.e5 Ne4 10.Bd3 Nxc3 11.Bxc3 c5 12.dxc5 bxc5 13.cxd5 Bxd3 14.Qxd3 exd5 15.h4 d4
16.Ng5 Bxg5 17.hxg5 g6 18.Bd2 Qd5 19.O-O Nd7 20.f4 a5 21.Qc4 Qc6 22.Rac1 Rfc8
23.Qd3 Qd5 24.Qc4 Qc6 25.Qd3 Qd5 26.Qc4  1/2-1/2

[Event "TCh-CAT Div Hon"]
[Site "Barcelona ESP"]
[Date "2011.02.05"]
[Round "2"]
[White "Panelo Munoz,M"]
[Black "Pinero Fernandez,X"]
[Result "1-0"]
[WhiteElo "2327"]
[BlackElo "2301"]

1.d4 Nf6 2.c4 e6 3.Nf3 b6 4.g3 Ba6 5.b3 Bb4+ 6.Bd2 Be7 7.Nc3 Bb7 8.Bg2 Ne4
9.d5 Nxc3 10.Bxc3 Bf6 11.Qd2 d6 12.Nd4 O-O 13.O-O Bxd4 14.Qxd4 e5 15.Qd2 f5
16.f4 e4 17.g4 Bc8 18.Kh1 Qe7 19.Qe3 Nd7 20.gxf5 Nf6 21.Bh3 b5 22.Bxf6 Rxf6
23.cxb5 Bb7 24.Rad1 a6 25.bxa6 Rxa6 26.a4 Ra5 27.Bg2 Rxd5 28.Rxd5 Bxd5 29.Qd4 Rxf5
30.b4 c5 31.bxc5 dxc5 32.Qe3 Rf8 33.Rd1 Bb7 34.Qb3+ Kh8 35.Qb5 Bc8 36.Rc1 Bg4
37.Qxc5 Qxc5 38.Rxc5 e3 39.Re5 g6 40.Rxe3 Rxf4 41.Bc6 Rc4 42.Bb5 Rb4 43.Kg2 Kg7
44.Ra3 Kf6 45.Bd3 Rb2 46.Kf2 Ke5 47.a5 Rb7 48.a6 Ra7 49.Rb3 Bc8 50.Rb6 Kd5
51.Ke3 Kc5 52.Rf6 Re7+ 53.Kf4 Kd5 54.Rb6 Rf7+ 55.Kg5 Kc5 56.Rb8  1-0

[Event "25th MGU Open"]
[Site "Sofia BUL"]
[Date "2011.02.05"]
[Round "3.2"]
[White "Kostov,N"]
[Black "Petrov,Vl5"]
[Result "1-0"]
[WhiteElo "2005"]
[BlackElo "1786"]

1.d4 Nf6 2.c4 e6 3.Nf3 b6 4.g3 Ba6 5.Qc2 c5 6.Bg2 Bb7 7.O-O Nc6 8.Rd1 cxd4
9.Nxd4 Nxd4 10.Rxd4 Bxg2 11.Kxg2 Bc5 12.Rd1 Rc8 13.Nc3 O-O 14.Ne4 Qe7 15.Bg5 d5
16.Nxf6+ gxf6 17.Bh6 Rfd8 18.a3 Qb7 19.f3 Bf8 20.Bxf8 Rxf8 21.Rd4 b5 22.Rh4 f5
23.c5 Qe7 24.b4 Qf6 25.Rd1 Rc6 26.e4 fxe4 27.fxe4 Qg6 28.Qe2 Kh8 29.Qxb5 Rfc8
30.Qd3 Rd8 31.b5 Rcc8 32.c6 d4 33.a4 e5 34.a5 Qe6 35.Rd2 a6 36.b6 Qxc6 37.Rf2  1-0

[Event "ch-TUR"]
[Site "Kemer-Antalya TUR"]
[Date "2011.02.06"]
[Round "3"]
[White "Arslan,Erda"]
[Black "Aysoy,V"]
[Result "1/2-1/2"]
[WhiteElo "2090"]
[BlackElo "1868"]

1.d4 Nf6 2.c4 e6 3.Nf3 b6 4.g3 Ba6 5.b3 Bb4+ 6.Bd2 Be7 7.Nc3 Bb7 8.Bg2 O-O
9.O-O Ne4 10.Nxe4 Bxe4 11.Bc3 d5 12.Ne5 Bxg2 13.Kxg2 f6 14.Nd3 c6 15.Re1 f5
16.f3 Nd7 17.Nf4 Rf6 18.e4 g5 19.Nd3 fxe4 20.fxe4 Nf8 21.Qg4 Ng6 22.Rf1 Qd7
23.Ne5 Nxe5 24.dxe5 Rxf1 25.Rxf1 Rf8 26.Rd1 Qc8 27.h4 dxe4 28.Qxe4 gxh4 29.Rd6 Rf7
30.Rd3 Qf8 31.Qg4+ Kh8 32.Be1 Rf1 33.Qe2 h3+ 34.Kh2 Bc5 35.Rd8 Qxd8 36.Qxf1 Qf8
37.Qxf8+ Bxf8 38.Kxh3 Kg7 39.Kg4 Kg6 40.b4 Bh6 41.a4 Bg5 42.Kf3 Kf5 43.g4+ Kxe5
44.Bc3+ Kd6 45.Ke4 a6 46.Be5+ Kd7 47.b5 cxb5 48.cxb5 axb5 49.axb5 Be7 50.Bd4 Bc5
51.Be5 Bd6 52.Bd4 Bc5 53.Be5 Bd6 54.Bd4 Bc5  1/2-1/2

[Event "75th ch-BUL Semi-Final"]
[Site "Plovdiv BUL"]
[Date "2011.02.07"]
[Round "1"]
[White "Kolev,H"]
[Black "Panajotov,J"]
[Result "0-1"]
[WhiteElo "1775"]
[BlackElo "2243"]

1.d4 Nf6 2.c4 e6 3.Nf3 b6 4.g3 Ba6 5.b3 Bb4+ 6.Bd2 Be7 7.Bg2 c6 8.O-O d5
9.Ne5 O-O 10.cxd5 cxd5 11.Bg5 h6 12.Bxf6 Bxf6 13.f4 Nd7 14.Nd2 Nxe5 15.fxe5 Bg5
16.Rf3 Rc8 17.h4 Be7 18.e4 dxe4 19.Nxe4 Be2 20.Qd2 Bxf3 21.Bxf3 Qc7 22.Rf1 Rfe8
23.Bh5 Rf8 24.Bf3 Rcd8 25.Qf2 f5 26.Nd2 Rxd4 27.Kh2  0-1

[Event "75th ch-BUL Semi-Final"]
[Site "Plovdiv BUL"]
[Date "2011.02.10"]
[Round "6"]
[White "Dereshki,D"]
[Black "Ivanov,Lj"]
[Result "1-0"]
[WhiteElo "1917"]
[BlackElo "1964"]

1.d4 Nf6 2.c4 e6 3.Nf3 b6 4.g3 Ba6 5.b3 Bb4+ 6.Bd2 Be7 7.Bg2 Bb7 8.O-O Ne4
9.Nc3 f5 10.Rc1 d6 11.d5 Nxd2 12.Nxd2 e5 13.e4 Bc8 14.b4 O-O 15.exf5 Bxf5
16.Nde4 a5 17.a3 axb4 18.axb4 Nd7 19.Qb3 Qe8 20.Nb5 Bxe4 21.Bxe4 Nf6 22.Bf5 Bd8
23.Qd3 Qh5 24.c5 bxc5 25.bxc5 Ra5 26.cxd6 e4 27.Be6+ Kh8 28.Qc4 cxd6 29.Nxd6 Nxd5
30.Rcd1 e3 31.fxe3 Rxf1+ 32.Rxf1 Nf6 33.Nf7+  1-0

[Event "ch-TUR"]
[Site "Kemer-Antalya TUR"]
[Date "2011.02.11"]
[Round "8"]
[White "Ataman,A"]
[Black "Aktas,I"]
[Result "1-0"]
[WhiteElo "2195"]
[BlackElo "1986"]

1.d4 Nf6 2.c4 e6 3.Nf3 b6 4.g3 Ba6 5.Qc2 c5 6.d5 exd5 7.cxd5 Bb7 8.Bg2 Bxd5
9.Nc3 Bc6 10.O-O Be7 11.e4 d6 12.Rd1 Qc7 13.Nd5 Bxd5 14.exd5 O-O 15.Nd4 g6
16.Bf4 Nh5 17.Bh6 Ng7 18.Rac1 Bf6 19.Bf4 a6 20.b4 Nh5 21.Bh6 Re8 22.Bf3 Ng7
23.Bf4 Nd7 24.Nc6 Ne5 25.Bg2 Nf5 26.bxc5 bxc5 27.Bxe5 Bxe5 28.Qa4 Bg7 29.Bf1 Bh6
30.Rb1 Qd7 31.Qg4 Qc7 32.Qa4 Qd7 33.Bh3 Re2 34.Bg4 Rd2 35.Bxf5 gxf5 36.Qh4 Rxd1+
37.Rxd1 Bg7 38.Re1 Re8 39.Rxe8+ Qxe8 40.Ne7+ Kf8 41.Nxf5 Be5 42.Qxh7 Bd4
43.Nxd4 Qe1+ 44.Kg2 cxd4 45.Qh8+ Ke7 46.Qxd4 Qa5 47.Qc4 Qd2 48.Qc7+  1-0

[Event "60th ch-BUL w"]
[Site "Plovdiv BUL"]
[Date "2011.02.13"]
[Round "7"]
[White "Sirkova,D"]
[Black "Todorova,K"]
[Result "1/2-1/2"]
[WhiteElo "2102"]
[BlackElo "1813"]

1.d4 Nf6 2.Nf3 e6 3.c4 b6 4.g3 Ba6 5.Qc2 Be7 6.Bg2 c6 7.O-O d5 8.cxd5 exd5
9.Bf4 O-O 10.Rc1 Nbd7  1/2-1/2

[Event "16th Lienz-Open 2011"]
[Site "Lienz AUT"]
[Date "2011.02.16"]
[Round "6"]
[White "Kelecevic,N"]
[Black "Malakhatko,V"]
[Result "1/2-1/2"]
[WhiteElo "2281"]
[BlackElo "2546"]

1.d4 Nf6 2.c4 e6 3.Nf3 b6 4.g3 Ba6 5.b3 b5 6.cxb5 Bxb5 7.Bg2 d5 8.O-O Nbd7
9.Nc3 Ba6 10.Bb2 Be7 11.Rc1 O-O 12.Na4 Rc8 13.Ne1 c5 14.dxc5 Nxc5 15.Nxc5 Rxc5
16.Rxc5 Bxc5 17.Nd3 Bb6 18.Qa1 Qe7 19.Bd4 Bxd3 20.exd3 Bxd4 21.Qxd4 Qa3 22.Qc3 Nd7
23.d4 Nb6 24.h4 Rc8 25.Qd2 h5 26.f4 Qd6 27.Kh2 Nd7 28.Rc1 Rc7 29.Rxc7 Qxc7
30.f5 Nf6 31.fxe6 fxe6 32.Bf3 Kf7 33.b4 Ke7 34.Kg2 Ne8 35.Qe2 Nf6 36.Qd2 Qc6
37.Qb2 Ne8 38.b5 Qc7 39.Qb4+ Nd6 40.a4 Qc2+ 41.Kh3 Qf5+ 42.Kg2 Qc2+ 43.Kh3 Qf5+  1/2-1/2

[Event "16th Lienz-Open 2011"]
[Site "Lienz AUT"]
[Date "2011.02.19"]
[Round "9"]
[White "Chetverik,M"]
[Black "Neff,G"]
[Result "1/2-1/2"]
[WhiteElo "2306"]
[BlackElo "2167"]

1.d4 Nf6 2.c4 e6 3.Nf3 b6 4.g3 Ba6 5.Qa4 c5 6.Bg2 Bb7 7.dxc5 bxc5 8.O-O Be7
9.Nc3 O-O 10.Rd1 Qb6 11.Qb5 Qc7 12.Bf4 d6 13.Qb3 a6 14.Rd2 h6 15.h3 e5 16.Be3 Nc6
17.Nh4 Na5 18.Qa4 Bxg2  1/2-1/2

[Event "ch-POL"]
[Site "Warsaw POL"]
[Date "2011.02.19"]
[Round "8"]
[White "Olszewski,Mi"]
[Black "Jaracz,P"]
[Result "1/2-1/2"]
[WhiteElo "2532"]
[BlackElo "2543"]

1.d4 Nf6 2.c4 e6 3.Nf3 b6 4.g3 Ba6 5.Qc2 Bb7 6.Bg2 Bb4+ 7.Bd2 Bxd2+ 8.Nbxd2 c5
9.e4 cxd4 10.e5 Ng4 11.Ne4 O-O 12.h3 Nxe5 13.Nxe5 f5 14.O-O-O Qc7 15.Rhe1 Qxe5
16.Nc3 Qxe1 17.Rxe1 Bxg2 18.Nb5 Nc6 19.Qd2 Be4 20.Rf1 Ne5 21.Qxd4 Nxc4 22.Qxd7 Rac8
23.Qxe6+ Kh8 24.Nc3 Rfe8 25.Qd7 Ne5 26.Qxa7 b5 27.f4 Nd3+ 28.Kb1 Bg2 29.Rd1 b4
30.Rxd3 bxc3 31.Rxc3 Re1+ 32.Kc2 Rd8 33.g4 h6 34.gxf5 Be4+ 35.Kb3 Bxf5 36.Ka3 Ree8
37.Qf7 Ra8+ 38.Kb4 Rab8+  1/2-1/2

[Event "TCh-HUN 2010-11"]
[Site "Decs HUN"]
[Date "2011.02.20"]
[Round "6"]
[White "Eltigani,O"]
[Black "Farago,I"]
[Result "0-1"]
[WhiteElo "2246"]
[BlackElo "2420"]

1.d4 Nf6 2.c4 e6 3.Nf3 b6 4.g3 Ba6 5.Qa4 Bb7 6.Bg2 c5 7.dxc5 bxc5 8.O-O Be7
9.Nc3 O-O 10.Rd1 Qb6 11.Bf4 Rd8 12.Rab1 Na6 13.a3 Rac8 14.Qb5 d6 15.Ne1 Bxg2
16.Nxg2 h6 17.Qxb6 axb6 18.e4 Nb8 19.Rd3 Nc6 20.Rbd1 Na5 21.b3 e5 22.Bc1 Nxb3
23.Nd5 Nxd5 24.Rxb3 Nf6 25.f3 Rb8 26.Ne3 Rd7 27.Nf5 Ne8 28.Bd2 Bg5 29.Bxg5 hxg5
30.Rdb1 Rdb7 31.a4 g6 32.Ne3 Ra8 33.Rxb6 Rxb6 34.Rxb6 Kg7 35.a5 Rxa5 36.Rb8 Nc7
37.Rb6 Ne6 38.Rxd6 Nd4 39.Rd5 Ra1+ 40.Kg2 Ra2+ 41.Kh3 Nxf3 42.Rxc5 Re2 43.Nd5 Ng1+  0-1

[Event "Elitzur Winter IM"]
[Site "Petach Tikva ISR"]
[Date "2011.02.24"]
[Round "2"]
[White "Arlinsky,U"]
[Black "Ruderfer,M"]
[Result "1-0"]
[WhiteElo "2252"]
[BlackElo "2310"]

1.d4 Nf6 2.c4 e6 3.Nf3 b6 4.g3 Ba6 5.Qc2 Bb7 6.Bg2 Bb4+ 7.Bd2 Bxd2+ 8.Nbxd2 d6
9.O-O Nbd7 10.Rac1 O-O 11.Rfd1 Qe7 12.Nb1 c5 13.Nc3 cxd4 14.Rxd4 Rfc8 15.Rcd1 Ne5
16.Qa4 Bc6 17.Qb4 Qb7 18.Nb5 Nxf3+ 19.Bxf3 Ne8 20.Nxd6 Nxd6 21.Qxd6 g6 22.Qf4 e5
23.Qxe5 Bxf3 24.Rd7 Qe4 25.Qf6 Qf5 26.Qxf5 gxf5 27.exf3 Rxc4 28.R1d5 Rc5
29.Rxc5 bxc5 30.Rc7  1-0

[Event "31st TCh-IND 2011"]
[Site "Kochi IND"]
[Date "2011.02.25"]
[Round "5"]
[White "Prakash,G"]
[Black "Deepak,Ka"]
[Result "1-0"]
[WhiteElo "2346"]
[BlackElo "2170"]

1.d4 Nf6 2.Nf3 e6 3.c4 b6 4.g3 Ba6 5.Qc2 c5 6.d5 exd5 7.cxd5 Bb7 8.Bg2 Bxd5
9.Nc3 Bc6 10.e4 d6 11.Bf4 Nh5 12.Be3 Be7 13.O-O-O Qc7 14.g4 Nf6 15.h3 h6
16.g5 hxg5 17.Nxg5 Nh7 18.Nxh7 Rxh7 19.e5 Bxg2 20.Qxh7 Bxh1 21.Rxh1 dxe5
22.Qxg7 Nd7 23.Rd1 Qc6 24.Nd5 Bf8 25.Qg5 Rc8 26.f4 Bh6 27.Qe7+  1-0

[Event "TCh-CAT Div Hon"]
[Site "Barcelona ESP"]
[Date "2011.02.26"]
[Round "5"]
[White "Almeida Quintana,O"]
[Black "Hernando Rodrigo,Ju"]
[Result "1-0"]
[WhiteElo "2576"]
[BlackElo "2321"]

1.d4 e6 2.c4 Nf6 3.Nf3 b6 4.g3 Ba6 5.Qa4 Be7 6.Bg2 Bb7 7.O-O O-O 8.Nc3 d6
9.Qc2 c5 10.dxc5 bxc5 11.Rd1 Qb6 12.Bf4 Rd8 13.Rd2 Nc6 14.Rad1 e5 15.Bg5 Nd4
16.Qb1 Rd7 17.Ne1 Bxg2 18.Nxg2 Qa6 19.Bxf6 Bxf6 20.b3 Bg5 21.Qe4 Qb7 22.Qxb7 Rxb7
23.f4 exf4 24.gxf4 Bh6 25.Kf2 g6 26.e3 Nf5 27.Rd5 Bf8 28.Rxf5 gxf5 29.Nh4 Bg7
30.Nd5 Kf8 31.Nxf5 Rd8 32.Rg1 Bb2 33.Rg3 Rdd7 34.e4 Bh8 35.Ke2 a5 36.a4 Rb8
37.Nh6  1-0

[Event "Osijek Open"]
[Site "Osijek CRO"]
[Date "2011.02.27"]
[Round "7.3"]
[White "Grguric,Dam"]
[Black "Kristovic,M"]
[Result "0-1"]
[WhiteElo "2009"]
[BlackElo "2328"]

1.d4 Nf6 2.c4 e6 3.Nf3 b6 4.g3 Ba6 5.Qc2 Bb4+ 6.Bd2 Bxd2+ 7.Nbxd2 d5 8.Bg2 O-O
9.O-O c6 10.Rfe1 Nbd7 11.Rac1 Re8 12.e4 dxe4 13.Nxe4 Nxe4 14.Qxe4 Bb7 15.Ne5 Nxe5
16.Qxe5 Qd7 17.Rcd1 Red8 18.h4 Qd6 19.Qe3 Rd7 20.h5 h6 21.g4 Rad8 22.c5 Qe7
23.b4 bxc5 24.bxc5 Qf6 25.Rb1 Ba6 26.Bxc6 Rxd4 27.Be4 Bd3 28.Bxd3 Rxd3 29.Qe2 Rd2
30.Qe3 e5 31.Rb8 Rd4 32.Rxd8+ Qxd8 33.Qxe5 Rxg4+ 34.Kf1 Qd3+ 35.Re2 Rh4 36.c6 Rh1+
37.Kg2 Qh3+  0-1

[Event "27th Open"]
[Site "Cappelle la Grande FRA"]
[Date "2011.03.01"]
[Round "5.35"]
[White "Mareco,S"]
[Black "Pacher,M"]
[Result "0-1"]
[WhiteElo "2627"]
[BlackElo "2399"]

1.d4 Nf6 2.c4 e6 3.Nf3 b6 4.g3 Ba6 5.Qc2 Bb7 6.Bg2 c5 7.d5 exd5 8.cxd5 Nxd5
9.O-O Be7 10.Qe4 Na6 11.Nh4 O-O 12.Nf5 Re8 13.Nc3 Nac7 14.Qg4 g6 15.Ne4 d6
16.Nxe7+ Qxe7 17.Bg5 Qe6 18.Qh4 f5 19.Nd2 Rab8 20.e4 Nb4 21.a3 Nc2 22.Rac1 Nd4
23.Rfe1 d5 24.exf5 Qxf5 25.g4 Qf7 26.Be3 Nce6 27.b4 Nf4 28.Bf1 Nde6 29.bxc5 bxc5
30.Bxc5 Nxc5 31.Rxe8+ Rxe8 32.Rxc5 d4 33.f3 d3 34.Qg5 Ne6 35.Qe3 Nxc5 36.Qxc5 Qf4
37.Qf2 Re3 38.Qg3 g5  0-1

[Event "27th Open"]
[Site "Cappelle la Grande FRA"]
[Date "2011.03.02"]
[Round "6.94"]
[White "Kiselev,Vit2"]
[Black "Nikolova,A"]
[Result "1-0"]
[WhiteElo "2526"]
[BlackElo "2311"]

1.d4 Nf6 2.c4 e6 3.Nf3 b6 4.g3 Ba6 5.Qc2 c5 6.d5 exd5 7.cxd5 Bb7 8.Bg2 Nxd5
9.Qb3 Nc7 10.Ne5 d5 11.Nc3 Nc6 12.Qa4 b5 13.Nxb5 Nxb5 14.Qxb5 Qa5+ 15.Qxa5 Nxa5
16.Bd2 f6 17.Bxa5 fxe5 18.e4 dxe4 19.O-O c4 20.Rac1 Rc8 21.Bh3 Rc6 22.Rfd1 Rd6
23.Rxd6 Bxd6 24.Rxc4 O-O 25.Be6+ Kh8 26.Bc7 Bc8 27.Bd5 e3 28.fxe3 Bh3 29.Bg2 Bxc7
30.Rxc7 Bxg2 31.Kxg2 a6 32.Ra7 Kg8 33.Rxa6 e4 34.b4 Rc8 35.b5 Rc2+ 36.Kh3 Rb2
37.a4 Kf7 38.Kg4 Rxh2 39.Kf4 h5 40.Kxe4 h4 41.gxh4 Rxh4+ 42.Kf5 g6+ 43.Rxg6 Rxa4
44.Rb6 Ke7 45.e4 Ra1 46.Ke5 Kd7 47.Rd6+ Ke7 48.Rh6 Rb1 49.b6 Rb5+ 50.Kd4 Kd7
51.e5 Rb1 52.Rd6+ Ke7 53.Kc5 Rc1+ 54.Kd5 Rc2 55.b7  1-0

[Event "ch-PriFO A"]
[Site "Tolyatti RUS"]
[Date "2011.03.10"]
[Round "1.5"]
[White "Shinkevich,V"]
[Black "Zuykov,A1"]
[Result "1/2-1/2"]
[WhiteElo "2520"]
[BlackElo "2270"]

1.d4 Nf6 2.Nf3 e6 3.c4 b6 4.g3 Ba6 5.Qa4 c5 6.Bg2 Bb7 7.dxc5 bxc5 8.O-O Be7
9.Nc3 O-O 10.Bf4 d6 11.Rfd1 a6 12.b4 Qc7 13.bxc5 Qxc5 14.Rab1 Bc6 15.Qb4 Qxb4
16.Rxb4 e5 17.Bg5 d5 18.Rbb1 d4 19.Nd5 Bxd5 20.cxd5 Nbd7 21.Rdc1 Rab8 22.Bh3 h6
23.Bxf6 Nxf6 24.Nxe5 Rxb1 25.Rxb1 Nxd5 26.Rb7 Bf6 27.Nxf7 Re8 28.Bg4 Nc3
29.Nd6 Re7 30.Rxe7 Bxe7 31.Nb7 Kf8 32.Kf1 Nxa2 33.Ke1 Nc3 34.Bf3 Bb4 35.Kd2 Ke7
36.Kd3 a5 37.Kc4 Nd1 38.e3 Nxf2 39.exd4 Nh3 40.Nc5 Ng5 41.Bg2 Nf7 42.Ne4 Nd6+  1/2-1/2

[Event "ch-PriFO A"]
[Site "Tolyatti RUS"]
[Date "2011.03.11"]
[Round "2.12"]
[White "Tunik,G"]
[Black "Makhmutov,R"]
[Result "1/2-1/2"]
[WhiteElo "2436"]
[BlackElo "2224"]

1.d4 Nf6 2.c4 e6 3.Nf3 b6 4.g3 Ba6 5.Qb3 c6 6.Bg5 d5 7.cxd5 cxd5 8.Bxf6 gxf6
9.Nc3 Bg7 10.Rc1 O-O 11.e3 Qc8 12.Bxa6 Qxa6 13.Qb5 Rc8 14.Qxa6 Nxa6 15.Ke2 Bf8
16.a3 Nc7 17.Kd3 Ne8 18.Nd2 Nd6 19.a4 a6 20.Ne2 Be7 21.Rxc8+ Rxc8 22.Rc1 Rxc1
23.Nxc1 Kf8 24.Ne2 Ke8 25.f3 f5 26.h3 Kd7 27.g4 fxg4 28.hxg4 f5 29.gxf5 Nxf5
30.e4 Nd6 31.Nf1 Bg5 32.b3 h5 33.Ng1 b5 34.axb5 axb5 35.Ng3 h4 36.Nh1 Nf7
37.Nf2 Kd6 38.Ngh3 e5 39.exd5 Kxd5 40.Ne4 Be7 41.Nc3+ Kc6 42.dxe5 Nxe5+ 43.Ke4 Nd7
44.Kd3 Nc5+ 45.Kc2 b4  1/2-1/2

[Event "TCh-FIN 2010-11"]
[Site "Helsinki FIN"]
[Date "2011.03.13"]
[Round "9.6"]
[White "Fraser,S"]
[Black "Saastamoinen,A"]
[Result "1/2-1/2"]
[WhiteElo "2084"]
[BlackElo "2171"]

1.d4 Nf6 2.Nf3 e6 3.c4 b6 4.g3 Ba6 5.Qb3 Bb7 6.Bg2 Be7 7.Nc3 O-O 8.d5 c5
9.O-O exd5 10.cxd5 d6 11.h3 Re8 12.Re1 a6 13.a4 Bf8 14.e4 Nbd7 15.Bf4 Qc7
16.Nd2 Ne5 17.Bxe5 dxe5 18.Nc4 Nd7 19.Rad1  1/2-1/2

[Event "ch-PriFO A"]
[Site "Tolyatti RUS"]
[Date "2011.03.17"]
[Round "8.29"]
[White "Tsarukian,E"]
[Black "Zaynutdinov,I"]
[Result "1-0"]
[WhiteElo "2201"]
[BlackElo "2002"]

1.d4 Nf6 2.Nf3 e6 3.c4 b6 4.g3 Ba6 5.Qa4 c5 6.Bg2 Bb7 7.O-O Be7 8.Nc3 O-O
9.Rd1 cxd4 10.Nxd4 Bxg2 11.Kxg2 Qc8 12.f3 Nc6 13.Ndb5 a6 14.Nd6 Qc7 15.Nce4 Nxe4
16.Nxe4 d6 17.Be3 b5 18.cxb5 axb5 19.Qc2 d5 20.Rdc1 dxe4 21.Qxc6 Qxc6 22.Rxc6 exf3+
23.Kxf3 Bf6 24.Bc1 Rfd8 25.a3 Rd1 26.Rb1 h6 27.Rc2 Rad8 28.e3 Rf1+ 29.Rf2 Rh1
30.b3 Rdd1 31.Rc2 Rdf1+ 32.Ke4 Re1 33.a4 Bg5 34.axb5 Bxe3 35.Bxe3 Rxb1 36.Rc3 Rhd1
37.b6 Rd7 38.Bf4 Rb7 39.Bc7 Rd1 40.b4 Kf8 41.Ra3 Rb1 42.Kd3 Rxb4 43.Bd6+ Ke8
44.Bxb4 Rxb6 45.Kc4 Rc6+ 46.Bc5 Rc7 47.Kb5 f6 48.Bd6 Rc2 49.Ra7 Rxh2 50.Rxg7 e5
51.Kc6 Rd2 52.Re7+ Kf8 53.Kd7 Kg8 54.Ke6 Rd3 55.Re8+ Kh7 56.Bf8 Rxg3 57.Re7+ Kg8
58.Bxh6 Rf3 59.Bg7 e4 60.Bxf6 e3 61.Re8+ Kh7 62.Kf7  1-0

[Event "ch-PriFO A"]
[Site "Tolyatti RUS"]
[Date "2011.03.18"]
[Round "9.28"]
[White "Zaynutdinov,I"]
[Black "Zuykov,A1"]
[Result "1/2-1/2"]
[WhiteElo "2002"]
[BlackElo "2270"]

1.d4 Nf6 2.Nf3 e6 3.c4 b6 4.g3 Ba6 5.b3 Bb4+ 6.Bd2 Be7 7.Bg2 c6 8.Bc3 d5
9.Ne5 Nfd7 10.Nxd7 Nxd7 11.Nd2 O-O 12.O-O Rc8 13.e4 c5 14.exd5 exd5 15.dxc5 dxc4
16.c6 cxb3 17.Re1 Bb5 18.Bxg7 Kxg7 19.Qg4+ Kh8 20.Qxd7 Bf6 21.Qf5 Bxc6 22.Be4 Bxe4
23.Nxe4 Bxa1 24.Ng5 Qxg5 25.Qxg5 Bc3 26.axb3 f6 27.Qe3 Bxe1 28.Qxe1 Kg7 29.Qe6 Rc7
30.h4 Rc5 31.Kg2 Rf7 32.Qg4+ Kf8 33.h5 Rg5 34.Qh4 h6 35.Qh1 Rd5 36.Qh3 f5
37.Qh4 f4 38.gxf4 Rd4 39.Kg1 Rdxf4 40.Qd8+ Kg7 41.Qd6 R4f6 42.Qd3 Rf5 43.Qd4+ Kg8
44.Qd8+ Kh7 45.Qd3 a5 46.Qd6 Rxh5 47.Qxb6 Rhf5 48.Qa6 R7f6 49.Qb7+ Kg6 50.Qc7 h5
51.f4 Rxf4 52.Qxa5 Kh6 53.Qd8 h4 54.Qh8+ Kg5 55.Qg7+ Kf5 56.Qd7+ Ke4 57.b4 h3
58.Qxh3 Rg6+ 59.Kh1 Rff6 60.Qh4+ Kd5 61.Qe1 Kc4 62.Qe4+ Kb5 63.Qd4 Rh6+  1/2-1/2

[Event "e2e4 Uxbridge Open"]
[Site "Denham ENG"]
[Date "2011.03.19"]
[Round "3"]
[White "Williams,Pe"]
[Black "Arkell,K"]
[Result "1/2-1/2"]
[WhiteElo "2173"]
[BlackElo "2412"]

1.d4 Nf6 2.c4 e6 3.Nf3 b6 4.g3 Ba6 5.Qa4 Bb7 6.Bg2 Be7 7.O-O O-O 8.Nc3 Ne4
9.Nxe4 Bxe4 10.Ne5 Bxg2 11.Kxg2 Qc8 12.Qb3 Qb7+ 13.Qf3 Qxf3+ 14.Nxf3 c5 15.dxc5 bxc5
16.Rd1 d6 17.Bg5 f6 18.Bd2 Nc6 19.Bc3 Rfd8 20.Rd2 a5 21.Rad1 a4 22.Ne1 Rab8
23.Nc2 Rd7 24.Kf1 f5 25.Rd3 Kf7 26.Kg2 Rdb7 27.f4 h6 28.Kf2 g5 29.Rf3 g4
30.Rfd3 h5 31.Kg2 Na7 32.Rh1 Nc8 33.h3 Rxb2 34.Bxb2 Rxb2 35.Na3 Rxe2+ 36.Kf1 Rxa2
37.hxg4 hxg4 38.Nb5 Ke8 39.Rh6 Kd7 40.Re3 Rc2 41.Na3 Rc1+ 42.Ke2 d5 43.Rexe6 dxc4
44.Kd2 Rg1 45.Nxc4 Rg2+ 46.Ke1 Rxg3 47.Rc6 Nd6 48.Nxd6 Rg1+ 49.Kf2 Kxc6 50.Nxf5+ Kb5
51.Kxg1 a3 52.Rh8 Bf6 53.Ra8 Kb4 54.Nd6 Kb3 55.Rb8+ Kc2 56.Ra8 Kb3 57.Rb8+ Kc2  1/2-1/2

[Event "ch-Moscow S/F 2011"]
[Site "Moscow RUS"]
[Date "2011.03.20"]
[Round "5"]
[White "Kurukin,D"]
[Black "Yakimenko,Alex"]
[Result "1-0"]
[WhiteElo "2410"]
[BlackElo "2224"]

1.d4 e6 2.c4 Nf6 3.Nf3 b6 4.g3 Ba6 5.Qc2 Bb4+ 6.Bd2 Be7 7.e4 d5 8.cxd5 Bxf1
9.Kxf1 exd5 10.e5 Ne4 11.Nc3 Nxd2+ 12.Qxd2 O-O 13.Kg2 Nc6 14.Ne2 Qd7 15.h4 f6
16.Nf4 fxe5 17.dxe5 Rad8 18.Rac1 Bc5 19.a3 a5 20.Rhe1 Qf5 21.Qd3 Qg4 22.Ng5 g6
23.Nge6 Rxf4 24.Nxf4 Ne7 25.Qe2 Qd7 26.h5 Rf8 27.e6 Qa4 28.Rxc5 bxc5 29.Qe5 Qd4
30.Qxc7 g5 31.Qxe7 gxf4 32.Qg5+ Kh8 33.e7 f3+ 34.Kh3 Re8 35.Re5  1-0

[Event "Skopje Spring Open 2011"]
[Site "Skopje MKD"]
[Date "2011.03.20"]
[Round "2"]
[White "Gjorgjieski,D"]
[Black "Kukov,T"]
[Result "1-0"]
[WhiteElo "2261"]
[BlackElo "2076"]

1.d4 Nf6 2.Nf3 e6 3.c4 b6 4.g3 Ba6 5.Qa4 c5 6.Bg2 Bb7 7.e3 Be7 8.O-O O-O
9.Nc3 Qc8 10.Bd2 Bc6 11.Qb3 Qb7 12.Ne1 Bxg2 13.Nxg2 Ne4 14.Nxe4 Qxe4 15.f3 Qb7
16.d5 exd5 17.cxd5 b5 18.e4 d6 19.a4 b4 20.Ne3 Bf6 21.Nc4 Qe7 22.Bf4 Rd8
23.Rae1 Bd4+ 24.Kg2 f6 25.Rd1 a5 26.Qd3 Ra6 27.Rfe1 Qd7 28.b3 Re8 29.Be3 Bc3
30.Bd2 Bd4 31.Re2 Ra7 32.Bf4 Ra6 33.Be3 Bc3 34.h3 Qe7 35.Bd2 Bd4 36.Rde1 Ra7
37.Bf4 Rd8 38.g4 Be5 39.Bg3 Nd7 40.f4 Bc3 41.Rc1 Re8 42.Bh4 g5 43.Bg3 gxf4
44.Bxf4 Ne5 45.Bxe5 Bxe5 46.Rf1 Bd4 47.Rf5 Qd8 48.Qg3 Be5 49.Qh4 Bd4 50.Qh5 Rae7
51.Kf3 Rf8 52.Qh6 Rg7 53.Rg2 Re8 54.h4 Qe7 55.Re2 Ra8 56.g5 Rg6 57.gxf6 Bxf6
58.Qf4 Bxh4 59.Rg2 Rxg2 60.Kxg2 Kh8 61.Kh3 Be1 62.Nxd6 Bd2 63.Qxd2 Qxd6 64.Qb2+ Kg8
65.Rg5+ Kf8 66.Qg7+ Ke8 67.Qg8+  1-0